AKL Direct Flights - Statistics

General Stats
  • This quiz has been taken 8 times
  • The average score is 46 of 60
Answers on the Map
Answers color-coded by a green-red scale on the quiz's map according to % correct below.
 
Answer Stats
Answer % Correct
Adelaide
100%
Beijing
100%
Brisbane
100%
Dallas-Fort Worth
100%
Denpasar
100%
Doha
100%
Dubai
100%
Gold Coast
100%
Guangzhou
100%
Hobart
100%
Hong Kong
100%
Honolulu
100%
Houston
100%
Los Angeles
100%
Melbourne
100%
New York City
100%
Perth
100%
San Francisco
100%
Santiago
100%
Shanghai
100%
Sydney
100%
Taipei-Taoyuan
100%
Vancouver
100%
Wellington
100%
Cairns
86%
Christchurch
86%
Kuala Lumpur
86%
Seoul-Incheon
86%
Shenzhen
86%
Singapore
86%
Tokyo-Narita
86%
Apia
71%
Blenheim
71%
Dunedin
71%
Haikou
71%
Nadi
71%
Nouméa-La Tontouta
71%
Queenstown
71%
Tahiti
71%
Chatham Island
57%
Hangzhou
57%
Invercargill
57%
Nelson
57%
Niue
57%
Nuku'alofa
57%
Palmerston North
57%
Port Vila
57%
Rarotonga
57%
Rotorua
57%
Sunshine Coast
57%
Taupō
57%
Tauranga
57%
Whangārei
57%
Gisborne
43%
Napier
43%
New Plymouth
43%
Paraparaumu
43%
Whanganui
43%
Kerikeri
29%
Whakatāne
29%
No matching quizzes found
Score Distribution
Percent of People with Each Score
Percentile by Number Answered
Your Score History
You have not taken this quiz